000 00654nam a2200229 a 4500
001 42653
003 BD-RjUL
005 20211209053554.0
008 160614s1962 nyu 000 0 eng d
035 _a(BD-RjUL)42771
040 _aANL
_beng
_cANL
_dABN-SNR
_dBD-RjUL
041 _aeng
082 0 4 _a330.9
_223
_bWAR 1962
100 1 _aWard, Barbara.
_9131115
245 1 4 _aThe rich nations and the poor nations /
_cBarbara Ward.
260 _aNew York :
_bNorton,
_cc1962.
300 _a159 p. ;
_c8 cm.
650 0 _aEconomic history.
_9131116
650 0 _aEconomic development.
_9131117
651 0 _aDeveloping countries.
_9131118
942 _2ddc
_cBK
999 _c42653
_d42653